|
|
|
|
| LEADER |
01730nam a2200433 a 4500 |
| 001 |
28714 |
| 003 |
BD-DhAAL |
| 005 |
20141217165545.0 |
| 008 |
141217s1999 nyua b 000 1 eng |
| 010 |
|
|
|a 98006901
|
| 020 |
|
|
|a 0393966402
|
| 040 |
|
|
|a DLC
|c DLC
|d DLC
|d BD-DhAAL
|
| 043 |
|
|
|a n-us-ms
|a n-us-mo
|
| 050 |
0 |
0 |
|a PS1305.A2
|b C66 1999
|
| 082 |
0 |
0 |
|a 813/.4
|2 21
|
| 100 |
1 |
|
|a Twain, Mark,
|d 1835-1910.
|9 6855
|
| 245 |
1 |
0 |
|a Adventures of Huckleberry Finn :
|b an authoritative text, contexts and sources, criticism /
|c Mark Twain ; edited by Thomas Cooley.
|
| 250 |
|
|
|a 3rd ed.
|
| 260 |
|
|
|a New York :
|b Norton,
|c c1999.
|
| 300 |
|
|
|a xi, 402 p. :
|b ill. ;
|c 24 cm.
|
| 490 |
0 |
|
|a A Norton critical edition
|
| 504 |
|
|
|a Includes bibliographical references (p. 397-398).
|
| 541 |
|
|
|e 28714
|
| 600 |
1 |
0 |
|a Twain, Mark,
|d 1835-1910.
|t Adventures of Huckleberry Finn.
|9 6856
|
| 650 |
|
0 |
|a Finn, Huckleberry (Fictitious character)
|v Fiction.
|9 6857
|
| 650 |
|
0 |
|a Runaway children
|v Fiction.
|9 6858
|
| 650 |
|
0 |
|a Male friendship
|v Fiction.
|9 6081
|
| 650 |
|
0 |
|a Fugitive slaves
|v Fiction.
|9 6859
|
| 650 |
|
0 |
|a Race relations
|v Fiction.
|9 6860
|
| 650 |
|
0 |
|a Boys
|v Fiction.
|9 5640
|
| 651 |
|
0 |
|a Mississippi River
|v Fiction.
|9 6861
|
| 651 |
|
0 |
|a Missouri
|v Fiction.
|9 6862
|
| 655 |
|
7 |
|a Adventure fiction.
|2 gsafd
|9 5642
|
| 655 |
|
7 |
|a Humorous fiction.
|2 gsafd
|9 6272
|
| 655 |
|
7 |
|a Bildungsromans.
|2 gsafd
|9 5695
|
| 700 |
1 |
|
|a Cooley, Thomas,
|d 1942-
|9 6863
|
| 942 |
|
|
|2 ddc
|c BK
|
| 999 |
|
|
|c 33312
|d 33312
|
| 952 |
|
|
|0 0
|1 0
|2 ddc
|4 0
|6 813_400000000000000_TWA
|7 0
|9 44490
|a BRACUL
|b BRACUL
|c GEN
|d 2014-12-17
|e BRAC Institute of Language (BIL)
|l 4
|o 813.4 TWA
|p 3010028714
|r 2025-11-20
|s 2025-10-24
|t 1
|w 2014-12-17
|y BK
|x Transferred from BIL to BRACUL on 06/06/22
|